Rubber Board @ 75. 6. Planning, marketing, pariseelana vibhagangal (Record no. 75171)

MARC details
000 -LEADER
fixed length control field 00262nam a22000977a 4500
100 ## - MAIN ENTRY--AUTHOR NAME
Personal name Mathew, T.V.
245 ## - TITLE STATEMENT
Title Rubber Board @ 75. 6. Planning, marketing, pariseelana vibhagangal
260 ## - PUBLICATION, DISTRIBUTION, ETC. (IMPRINT)
Name of publisher Rubber, 691(December): 17-21.
Year of publication 2023
650 ## - SUBJECT ADDED ENTRY--TOPICAL TERM
Topical Term History
942 ## - ADDED ENTRY ELEMENTS (KOHA)
Koha item type Journals
Holdings
Withdrawn status Lost status Damaged status Not for loan Home library Current library Date acquired Koha item type
        RRII Library RRII Library 09/01/2024 Journals